Introduction to risk management / (Record no. 4301)

MARC details
000 -LEADER
fixed length control field 00720nam a2200229 a 4500
001 - CONTROL NUMBER
control field 4303
005 - DATE AND TIME OF LATEST TRANSACTION
control field 20221127090916.0
008 - FIXED-LENGTH DATA ELEMENTS--GENERAL INFORMATION
fixed length control field 150810s lxxka 00000 eng d
035 ## - SYSTEM CONTROL NUMBER
System control number 489
082 04 - DEWEY DECIMAL CLASSIFICATION NUMBER
Classification number 658.155
Item number In8 2002
245 00 - TITLE STATEMENT
Title Introduction to risk management /
Statement of responsibility, etc. [work by IRM, AIRMIC].
260 ## - PUBLICATION, DISTRIBUTION, ETC.
Place of publication, distribution, etc. London :
Name of publisher, distributor, etc. AIRMIC,
Date of publication, distribution, etc. 2002.
300 ## - PHYSICAL DESCRIPTION
Extent 190 leaves :
Other physical details illustrations ;
Dimensions 30 cm.
500 ## - GENERAL NOTE
General note photocophy.
504 ## - BIBLIOGRAPHY, ETC. NOTE
Bibliography, etc. note Includes bibl. references.
563 ## - BINDING INFORMATION
Binding note Spiral binding.
650 #4 - SUBJECT ADDED ENTRY--TOPICAL TERM
Topical term or geographic name entry element Risk(Insurance).
650 #4 - SUBJECT ADDED ENTRY--TOPICAL TERM
Topical term or geographic name entry element Insurance.
650 #4 - SUBJECT ADDED ENTRY--TOPICAL TERM
Topical term or geographic name entry element Financial risk management.
710 2# - ADDED ENTRY--CORPORATE NAME
Corporate name or jurisdiction name as entry element Institute of Risk Management(UK).
710 2# - ADDED ENTRY--CORPORATE NAME
Corporate name or jurisdiction name as entry element Association of Insurance and Risk Managers in Industry and Commerce(UK).
Holdings
Withdrawn status Lost status Source of classification or shelving scheme Damaged status Not for loan Home library Current library Date acquired Total Checkouts Full call number Barcode Date last seen Copy number Price effective from Koha item type
              11/27/2022   658.155 In8 2002 10000000013799 11/27/2022 C1 11/27/2022 Book